Statistics for Name That Playwright

Click here to take the quiz!

General Stats

  • This quiz has been taken 267 times
  • The average score is 8 of 20

Answer Stats

HintAnswer% Correct
The Merchant Of VeniceWilliam Shakespeare
97%
The Importance Of Being EarnestOscar Wilde
84%
Death Of A SalesmanArthur Miller
79%
Waiting For GodotSamuel Beckett
75%
PygmalionGeorge Bernard Shaw
70%
The Cherry OrchardAnton Chekhov
50%
Dr FaustusChristopher Marlowe
40%
The Threepenny OperaBertolt Brecht
39%
Our TownThornton Wilder
32%
ArcadiaTom Stoppard
29%
An Inspector CallsJ. B. Priestley
26%
A Raisin In The SunLorraine Hansberry
23%
The Zoo StoryEdward Albee
21%
EquusPeter Shaffer
20%
The Children's HourLillian Hellman
18%
Cloud 9Caryl Churchill
16%
The CaretakerHarold Pinter
14%
The Lieutenant of InishmoreMartin McDonagh
11%
Arsenic and Old LaceJoseph Kesselring
6%
Dealer's ChoicePatrick Marber
6%

Score Distribution

Percentile by Number Answered

Percent of People with Each Score

Your Score History

You have not taken this quiz